| 000 | 01180nam0a22002891 4500 | ||
|---|---|---|---|
| 001 | rc\2682525 | ||
| 005 | 20230515103528.0 | ||
| 035 | _a(NLR Aleph) 006810880 | ||
| 090 |
_a6342161 _c6342161 |
||
| 100 | _a20110915d1932 |||y0rusy50 ca | ||
| 101 | 1 |
_arus _cfre |
|
| 102 | _aRU | ||
| 105 | _agh z ||||| | ||
| 200 | 1 |
_aТрубадуры и труверы _fП. Обри _gПер. с фр. З. Потаповой _gПод ред. проф. М. В. Иванова-Борецкого |
|
| 210 |
_aМосква _cГос. муз. изд-во _d1932 _gтип. "Образцовая" |
||
| 215 |
_aОбл., 69, [3] с., из них 1 с. объявл. _cфакс., нот. _d23х15 см. |
||
| 225 | 1 | _aПроблемы музыкознания. Историческая библиотека | |
| 320 | _aБиблиогр.: "Библиографический указатель" (стр. 66-68) | ||
| 700 | 1 |
_aОбри _bП. _f1874-1910 _gПьер |
|
| 702 | 1 |
_aПотапова _bЗ. _4730 |
|
| 702 | 1 |
_aИванов-Борецкий _bМ. В. _4340 |
|
| 801 | 0 |
_aRU _bNLR _gpsbo |
|
| 801 | 1 |
_aRU _bELAR _2rusmarc |
|
| 852 |
_aNLR _j32-11/2173 |
||
| 942 | _cBOOK | ||
| 980 | _aNB | ||